| 000 | 01410nam0a2200337 4500 | ||
|---|---|---|---|
| 001 | RU\NLR\BIBL_A\011476191 | ||
| 005 | 20240921163519.0 | ||
| 010 |
_a9785893942828 _9200 |
||
| 021 |
_aRU _b2017-62948 _94458 |
||
| 035 | _a(RuMoRGB)009371103 | ||
| 035 | _a(NLR Aleph) 011476191 | ||
| 090 |
_a11874917 _c11874917 |
||
| 100 | _a20170919d2017 k y0rusy50 ca | ||
| 101 | 0 | _arus | |
| 102 | _aRU | ||
| 105 | _aa zzzz0|||1zy | ||
| 200 | 1 |
_aОпыт решения миграционных проблем в странах Аравийского полуострова _fС. С. Балмасов _gИнститут Ближнего Востока |
|
| 210 |
_aМосква _cИнститут Ближнего Востока _d2017 |
||
| 215 |
_a464 с. _cил., цв. ил. _d21 |
||
| 300 | _aНа 4-й с. авт.: Балмасов С. С., кандидат наук | ||
| 320 | _aБиблиогр. в примеч.: с. 357-426 (1687 назв.) | ||
| 606 | 1 |
_aНаселение _xМиграция _yСтраны Аравийского полуострова _92339456 _3RU\NLR\AUTH\6601622091 |
|
| 686 |
_aХ79(53)01,0 _2rubbk |
||
| 686 |
_aХ79(53)08,0 _2rubbk |
||
| 686 | 1 | _aС73(536)6-25 | |
| 686 | 1 | _aХ809(536)3 | |
| 700 | 1 |
_aБалмасов _bС. С. _f1977- _gСергей Станиславович |
|
| 942 | _cBOOK | ||
| 980 | _aNBR | ||